=LDR 00000nam 2200000 4500 =001 NUTBA000000000002198 =005 20140607153840.0 =006 =007 =008 =035 ##$$a 0010-061400000000141 =082 ##$$a 613.953.ren =100 ##$$a Dr.H.hanny Ronosulistyo =245 ##$$a ketika anak bertanya seks =260 ##$$a jakarta, 2008 $b PT.Gramedia $c 2008 =300 ##$$a xiii,105 hlm $b ilus $c 17 cm =990 ##$$a 21400613/BPAP-NTB/20142014